ՀՀ Գիտությունների ազգային ակադեմիայի հիմնարար գիտական գրադարան  =   Fundamental Scientific Library of NAS RA

Современные проблемы геологии БССР : (Record no. 384199)

MARC details
000 -LEADER
fixed length control field 00772nam-a2200205-a-4500
001 - CONTROL NUMBER
control field YSU0163013
003 - CONTROL NUMBER IDENTIFIER
control field AM-YeHGA
005 - DATE AND TIME OF LATEST TRANSACTION
control field 20250617153111.0
008 - FIXED-LENGTH DATA ELEMENTS--GENERAL INFORMATION
fixed length control field 981120s1978 xxu 000 0 rus u
040 ## - CATALOGING SOURCE
Original cataloging agency AM-YeHGA
090 ## - LOCALLY ASSIGNED LC-TYPE CALL NUMBER (OCLC); LOCAL CALL NUMBER (RLIN)
-- 386166
245 10 - TITLE STATEMENT
Title Современные проблемы геологии БССР :
Remainder of title Сборник научных трудов /
Statement of responsibility, etc. Ред. колл.: В.К. Голубцов, З.А. Горелик(отв. ред.) А.В. Матвеев
260 0# - PUBLICATION, DISTRIBUTION, ETC.
Place of publication, distribution, etc. Минск :
Name of publisher, distributor, etc. БелНИГРИ ,
Date of publication, distribution, etc. 1978.
300 ## - PHYSICAL DESCRIPTION
Extent 146 с.
Other physical details и
-- 0@BK
Dimensions .,
650 #4 - SUBJECT ADDED ENTRY--TOPICAL TERM
Topical term or geographic name entry element Белорусская СС
650 #4 - SUBJECT ADDED ENTRY--TOPICAL TERM
Topical term or geographic name entry element Геология
700 10 - ADDED ENTRY--PERSONAL NAME
Personal name Голубцов, В.К.
Relationship edt
700 1# - ADDED ENTRY--PERSONAL NAME
Personal name Горелик, З.А.
Relationship edt
700 1# - ADDED ENTRY--PERSONAL NAME
Personal name Матвеев, А.В.
Relationship edt
Holdings
Withdrawn status Lost status Source of classification or shelving scheme Damaged status Not for loan Collection Home library Current library Date acquired Total checkouts Full call number Barcode Date last seen Price effective from Koha item type Public note
    Universal Decimal Classification     General Fundamental Scientific Library Fundamental Scientific Library 15/06/2017   PII/432602 FL0449431 15/06/2017 15/06/2017 Գրքեր / Books 30 Days Loan


ՀՀ ԳԱԱ հիմնարար գիտական գրադարան
ՀՀ,Երևան 0019
Մարշալ Բաղրամյան 24/6
հեռախոս:(374-10) 52-47-50
Հետադարձ կապ

All site content, except where otherwise noted, is licensed under a
Creative Commons License